<?xml version="1.0" encoding="UTF-8"?>
<collection xmlns="http://www.loc.gov/MARC21/slim">
 <record>
  <leader>04359nam a2200313 a 4500</leader>
  <controlfield tag="001">kal1708</controlfield>
  <controlfield tag="003">Gr-AtHEAL</controlfield>
  <controlfield tag="005">20160427111636.0</controlfield>
  <controlfield tag="006">m        d        </controlfield>
  <controlfield tag="008">160413s2015    gr      s           gre|c</controlfield>
  <datafield tag="040" ind1=" " ind2=" ">
   <subfield code="a">GR-AtHEAL</subfield>
   <subfield code="b">gre</subfield>
   <subfield code="c">GR-AtHEAL</subfield>
  </datafield>
  <datafield tag="082" ind1="0" ind2="4">
   <subfield code="a">005.133</subfield>
   <subfield code="2">23</subfield>
  </datafield>
  <datafield tag="100" ind1="1" ind2=" ">
   <subfield code="a">Μαγκούτης, Κωνσταντίνος.</subfield>
   <subfield code="8">1634</subfield>
  </datafield>
  <datafield tag="245" ind1="1" ind2="0">
   <subfield code="a">Εισαγωγή στον αντικειμενοστραφή  προγραμματισμό με Python</subfield>
   <subfield code="h">[Ηλεκτρονικός πόρος] </subfield>
   <subfield code="b">Μια προσέγγιση από την πλευρά των υπολογιστικών συστημάτων</subfield>
   <subfield code="c">Νικολάου, Χρήστος ; Μαγκούτης, Κωνσταντίνος ; Κριτικός αναγνώστης,Βακάλη, Αθηνά ; Γραφιστική επιμέλεια,Καπαντώνη, Κλειώ ; Τεχνική επιμέλεια,Παππάς, Ιωάννης ; Γλωσσική επιμέλεια, Σέγκουλη, Σοφία.</subfield>
  </datafield>
  <datafield tag="260" ind1=" " ind2=" ">
   <subfield code="a">Αθήνα :</subfield>
   <subfield code="b">Σύνδεσμος Ελληνικών Ακαδημαϊκών Βιβλιοθηκών,</subfield>
   <subfield code="c">c2015.</subfield>
  </datafield>
  <datafield tag="490" ind1=" " ind2=" ">
   <subfield code="a">Ακαδημαϊκά Ηλεκτρονικά Συγγράμματα και Βοηθήματα Κάλλιπος</subfield>
   <subfield code="8">40</subfield>
  </datafield>
  <datafield tag="520" ind1=" " ind2=" ">
   <subfield code="a">Ο σκοπός αυτού του συγγράμματος είναι να διδάξει σε προπτυχιακούς φοιτητές Μηχανικών Η/Υ, Επιστήμης Υπολογιστών και συναφών σχολών τις βασικές αρχές του προγραμματισμού λογισμικού με γλώσσες υψηλού επιπέδου, χρησιμοποιώντας τη γλώσσα Python. Το σύγγραμμα εισάγει τους φοιτητές στις αρχές του αντικειμενοστραφούς προγραμματισμού αλλά και σε θέματα πιο προχωρημένου επιπέδου, όπως ο προγραμματισμός συστημάτων με έμφαση σε τεχνικές συγχρονισμού πολλαπλών διεργασιών/νημάτων, τον δικτυακό προγραμματισμό και εισαγωγικά θέματα προγραμματισμού κατανεμημένων συστημάτων.Περιεχόμενα:Εισαγωγή στον προγραμματισμόΕισαγωγή στην PythonΤιμές, τύποι, μεταβλητές, λέξεις-κλειδιά, εντολέςΕκφράσεις, τελεστές, σχόλιαΣυναρτήσεις και εκτέλεση υπό συνθήκηEπανάληψη με την εντολή whileΣυμβολοσειρές, λίστες, πλειάδες, λεξικάΑρχεία, εξαιρέσεις και εκσφαλμάτωσηΚλάσεις και αντικείμεναΤαυτόχρονος προγραμματισμός και νήματαΔικτυακός προγραμματισμόςΕισαγωγή στον προγραμματισμό κατανεμημένων συστημάτων λογισμικούΤεχνολογικές τάσεις και μελλοντικές εξελίξεις</subfield>
  </datafield>
  <datafield tag="650" ind1=" " ind2="0">
   <subfield code="a">Python (Computer program language)</subfield>
   <subfield code="8">2448</subfield>
  </datafield>
  <datafield tag="653" ind1=" " ind2=" ">
   <subfield code="a">Προγραμματισμός υπολογιστών</subfield>
  </datafield>
  <datafield tag="653" ind1=" " ind2=" ">
   <subfield code="a">Τεχνολογία και επιστήμες μηχανικών</subfield>
   <subfield code="a">Μηχανική και τεχνολογία τηλεπικοινωνιών</subfield>
   <subfield code="a">Τεχνολογίες παγκόσμιου ιστού</subfield>
  </datafield>
  <datafield tag="653" ind1=" " ind2=" ">
   <subfield code="a">Επιστήμη υπολογιστών/Πληροφορική</subfield>
   <subfield code="a">Γλώσσες προγραμματισμού</subfield>
  </datafield>
  <datafield tag="653" ind1=" " ind2=" ">
   <subfield code="a">Επιστήμη υπολογιστών/Πληροφορική</subfield>
   <subfield code="a">Αρχές ανάπτυξης λογισμικού</subfield>
  </datafield>
  <datafield tag="700" ind1="1" ind2=" ">
   <subfield code="a">Νικολάου, Χρήστος</subfield>
   <subfield code="e">Συγγραφέας</subfield>
   <subfield code="8">1633</subfield>
  </datafield>
  <datafield tag="700" ind1="1" ind2=" ">
   <subfield code="a">Βακάλη, Αθηνά</subfield>
   <subfield code="e">Κριτικός αναγνώστης</subfield>
   <subfield code="8">1635</subfield>
  </datafield>
  <datafield tag="856" ind1="4" ind2="0">
   <subfield code="u">http://hdl.handle.net/11419/1708</subfield>
   <subfield code="z">Πλήρες Κείμενο - Full text</subfield>
  </datafield>
  <datafield tag="907" ind1=" " ind2=" ">
   <subfield code="a">.b2567819x</subfield>
   <subfield code="b">12-06-18</subfield>
   <subfield code="c">29-07-16</subfield>
  </datafield>
  <datafield tag="949" ind1=" " ind2=" ">
   <subfield code="0">0</subfield>
   <subfield code="1">0</subfield>
   <subfield code="2">ddc</subfield>
   <subfield code="4">0</subfield>
   <subfield code="6">005_133000000000000_ΜΑΓ</subfield>
   <subfield code="7">0</subfield>
   <subfield code="8">KALL</subfield>
   <subfield code="8">578</subfield>
   <subfield code="d">2016-04-13</subfield>
   <subfield code="r">2016-04-13</subfield>
   <subfield code="w">2016-04-13</subfield>
   <subfield code="z">005.133 ΜΑΓ</subfield>
   <subfield code="o">SEAB KALLIPOS</subfield>
  </datafield>
  <datafield tag="998" ind1=" " ind2=" ">
   <subfield code="a">80</subfield>
   <subfield code="a">01</subfield>
   <subfield code="a">02</subfield>
   <subfield code="a">03</subfield>
   <subfield code="a">04</subfield>
   <subfield code="a">05</subfield>
   <subfield code="a">06</subfield>
   <subfield code="a">07</subfield>
   <subfield code="a">08</subfield>
   <subfield code="a">09</subfield>
   <subfield code="a">10</subfield>
   <subfield code="a">11</subfield>
   <subfield code="a">12</subfield>
   <subfield code="a">13</subfield>
   <subfield code="a">14</subfield>
   <subfield code="a">15</subfield>
   <subfield code="a">16</subfield>
   <subfield code="a">17</subfield>
   <subfield code="a">18</subfield>
   <subfield code="a">19</subfield>
   <subfield code="a">20</subfield>
   <subfield code="a">21</subfield>
   <subfield code="a">22</subfield>
   <subfield code="a">23</subfield>
   <subfield code="a">24</subfield>
   <subfield code="a">25</subfield>
   <subfield code="a">26</subfield>
   <subfield code="b">11-05-17</subfield>
   <subfield code="c">m</subfield>
   <subfield code="d">z  </subfield>
   <subfield code="e">-</subfield>
   <subfield code="f">gre</subfield>
   <subfield code="g">gr </subfield>
   <subfield code="h">0</subfield>
  </datafield>
  <datafield tag="942" ind1=" " ind2=" ">
   <subfield code="2">ddc</subfield>
   <subfield code="c">KALLIPOS</subfield>
  </datafield>
 </record>
</collection>
